000 00431nam a2200181Ia 4500
005 20240823052259.0
008 240823s9999||||xx |||||||||||||| ||und||
041 _aENGLISH
082 _A510.0212 N3
100 _aDass Chawla C
245 0 _aFormula and difintions in maths.
250 _a1st
260 _c1993
_b"Asian,New Delhi"
500 _aTRANSFERED
650 _aMATHS
_bMathematics
942 _cBK
999 _c221500
_d221500